U.S. States that Beat New South Wales - Statistics

General Stats
  • This quiz has been taken 145 times
  • The average score is 16 of 20
Answer Stats
Rank Category States % Correct
2 Biggest (area) Alaska
100%
5 Hottest (average temperature) Florida | Hawaii | Louisiana | Texas
96%
6 Most guessed on JetPunk California | Texas | Florida | New York | Washington
95%
5 With the most visited city* New York | Florida | Nevada | California
95%
3 Westernmost Alaska | Hawaii
94%
8 Lowest population density Alaska | Wyoming | Montana | North Dakota | South Dakota | New Mexico | Idaho
90%
6 Most cows Texas | Nebraska | Kansas | Okhlaoma | California
89%
6 Least CO2 emissions per square miles Idaho | South Dakota | Nevada | Alaska | Montana
87%
8 Longest coastline Alaska | Florida | California | Washington | North Carolina | Texas | Louisiana
86%
6 Least horses Rhode Island | Hawaii | Delaware | Alaska | New Hampshire
82%
5 Highest recorded temperature California | Arizona | Nevada | New Mexico
81%
2 Biggest city starting with S California
78%
3 Most E in its name Tennessee | New Jersey
73%
5 Oldest median age Maine | Vermont | New Hampshire | West Virginia
69%
2 Most endangered species Hawaii
67%
3 Highest Scrabble value New Hampshire | New Mexico
67%
2 Most expensive prices Hawaii
59%
7 Least forested North Dakota | Nebraska | South Dakota | Kansas | Iowa | Illinois
58%
6 Lowest unemployment rate North Dakota | Nebraska | Utah | South Dakota | Vermont
54%
4 Most Internet users (%) Colorado | Utah | New Hampshire
39%
No matching quizzes found
Score Distribution
Percent of People with Each Score
Percentile by Number Answered
Your Score History
You have not taken this quiz